000
00313nam a22001457a 4500
001
1965
005
20260416011442.0
008
260416b |||||||| |||| 00| 0 eng d
020
_a
978-6755-897
082
_a
560.77
_b
1
100
_a
Gupta,Anshuman
245
_a
Economics
250
_a
2
942
_2
ddc
_c
BOOK
_n
0
999
_c
1965
_d
1965